| 000 -LEADER |
| fixed length control field |
00703nam a2200205Ia 4500 |
| 001 - CONTROL NUMBER |
| control field |
10276 |
| 003 - CONTROL NUMBER IDENTIFIER |
| control field |
GE_BSU |
| 008 - FIXED-LENGTH DATA ELEMENTS--GENERAL INFORMATION |
| fixed length control field |
181216s||||||||xx |||||||||||||| ||und|| |
| 040 ## - CATALOGING SOURCE |
| Transcribing agency |
GE_BSU |
| 080 ## - UNIVERSAL DECIMAL CLASSIFICATION NUMBER |
| Universal Decimal Classification number |
821.353.1 |
| 100 ## - MAIN ENTRY--PERSONAL NAME |
| Personal name |
ტაბიძე,გალაქტიონ |
| 245 ## - TITLE STATEMENT |
| Title |
რჩეული:ლექსები |
| 245 ## - TITLE STATEMENT |
| Statement of responsibility, etc. |
შემდგ.ბ.ჩიქობავა.რედ. რ.ორჯონიკიძე.მხატვ.ლ.გრიგოლია |
| 260 ## - PUBLICATION, DISTRIBUTION, ETC. |
| Place of publication, distribution, etc. |
თბილისი |
| 260 ## - PUBLICATION, DISTRIBUTION, ETC. |
| Name of publisher, distributor, etc. |
სახელგამი |
| 260 ## - PUBLICATION, DISTRIBUTION, ETC. |
| Date of publication, distribution, etc. |
1954 |
| 300 ## - PHYSICAL DESCRIPTION |
| Extent |
242გვ.1ფ.პორტრ.21სმ. |
| 653 ## - INDEX TERM--UNCONTROLLED |
| Uncontrolled term |
რჩეული:ლექსები |
| 942 ## - ADDED ENTRY ELEMENTS (KOHA) |
| Koha item type |
წიგნი |